Marvel Love Interests Who Became the Hero by Picture - Statistics

General Stats
  • This quiz has been taken 17 times
  • The average score is 4 of 5
Answer Stats
Picture Answer % Correct
Captain Carter
100%
Spider-Gwen
100%
Silver Surfer (Shalla-Bal)
88%
Thordis
82%
Spider-Girl (Betty Brant)
65%
No matching quizzes found
Score Distribution
Percent of People with Each Score
Percentile by Number Answered
Your Score History
You have not taken this quiz